[Event "SA-2017-0-00570"]
[Site "LSS email"]
[Date "2017.03.27"]
[Round "?"]
[White "Vera, Heraclio"]
[Black "Willmann, Bernd"]
[Result "0-1"]
[WhiteElo "2232"]
[BlackElo "2284"]
[PlyCount "94"]
[EventDate "2017.02.19"]
[EventType "tourn (corr)"]
[EventRounds "6"]
[EventCountry "GER"]
[SourceTitle "Corr 2022"]
[Source "ChessBase"]
[SourceDate "2021.10.24"]
[SourceVersion "1"]
[SourceVersionDate "2021.10.24"]
[SourceQuality "1"]

1. e4 e5 2. Nf3 Nc6 3. Bb5 a6 4. Ba4 Nf6 5. d3 Bc5 6. 0-0 b5 7. Bb3 d6 8. c3 0-0 9. Qe2 h6 10. Be3 Bxe3 11. fxe3 Ne7 12. Nbd2 Ng6 13. a4 Bd7 14. Qf2 Qb8 15. a5 Qa7 16. d4 c5 17. h3 Rab8 18. Nh4 c4 19. Bc2 Qc7 20. Nf5 Bxf5 21. Qxf5 Rfe8 22. Qf3 Qe7 23. Rf2 Nf8 24. Qg3 Kh8 25. Raf1 N8h7 26. Qh2 Qc7 27. g4 Qxa5 28. Rg2 Re7 29. h4 Ng8 30. g5 Qc7 31. Qg3 f6 32. Nf3 a5 33. Kh1 Ra8 34. Qh2 a4 35. Ra1 Nf8 36. Ng1 Rf7 37. Ne2 fxg5 38. hxg5 g6 39. Kg1 Rh7 40. Qg3 hxg5 41. Qxg5 Rh6 42. Rf1 Nh7 43. Qg3 Qe7 44. Rff2 Ngf6 45. Rf3 Rh5 46. Rh2 a3 47. bxa3 Rxa3 0-1

[Event "RA-2015-0-00387"]
[Site "LSS email"]
[Date "2015.04.18"]
[Round "?"]
[White "Vera, Heraclio"]
[Black "Cimicki, Dariusz"]
[Result "1-0"]
[WhiteElo "2228"]
[BlackElo "2252"]
[PlyCount "111"]
[EventDate "2015.04.01"]
[EventType "tourn (corr)"]
[EventRounds "6"]
[EventCountry "GER"]
[SourceTitle "Corr 2022"]
[Source "ChessBase"]
[SourceDate "2021.10.24"]
[SourceVersion "1"]
[SourceVersionDate "2021.10.24"]
[SourceQuality "1"]

1. e4 e6 2. d4 d5 3. Nc3 Bb4 4. e5 c5 5. a3 Bxc3+ 6. bxc3 Ne7 7. a4 Qa5 8. Bd2 Nbc6 9. f4 c4 10. Be2 Bd7 11. Nf3 Nc8 12. 0-0 Nb6 13. f5 exf5 14. Nh4 g6 15. g4 0-0-0 16. gxf5 Rdg8 17. Kh1 Kb8 18. Ra3 Bc8 19. Bh6 Na8 20. Qd2 Nc7 21. Rb1 Re8 22. f6 Nd8 23. Qc1 Re6 24. Bf3 Rb6 25. Rba1 Bh3 26. Kg1 Rg8 27. Kf2 Nc6 28. Kg3 Bc8 29. h3 g5 30. Ng2 Ne6 31. Bh5 Ncd8 32. Kh2 Bd7 33. Qd2 Ra6 34. Rg1 Qb6 35. Raa1 Qc6 36. Raf1 Rxa4 37. Ne3 Qb5 38. Nf5 Ra2 39. Rg2 Rg6 40. Bxg6 hxg6 41. Ne7 a5 42. Nxg6 fxg6 43. f7 Nxf7 44. Rxf7 Nf4 45. Rxg5 Qa4 46. Kh1 Nd3 47. Qh2 Ka7 48. Rg2 Ra1+ 49. Rg1 Ra2 50. Bd2 Be8 51. Rff1 Rxc2 52. Rg2 Qd7 53. e6 Qc6 54. Re2 a4 55. e7 g5 56. Bxg5 1-0

[Event "RA-2015-0-00387"]
[Site "LSS email"]
[Date "2015.04.18"]
[Round "?"]
[White "Vera, Heraclio"]
[Black "Hatsek, Werner"]
[Result "1-0"]
[WhiteElo "2228"]
[BlackElo "2017"]
[PlyCount "71"]
[EventDate "2015.04.01"]
[EventType "tourn (corr)"]
[EventRounds "6"]
[EventCountry "GER"]
[SourceTitle "Corr 2022"]
[Source "ChessBase"]
[SourceDate "2021.10.24"]
[SourceVersion "1"]
[SourceVersionDate "2021.10.24"]
[SourceQuality "1"]

1. e4 e5 2. Nf3 Nc6 3. Bb5 Nf6 4. d3 d6 5. c3 a6 6. Ba4 Be7 7. 0-0 0-0 8. Re1 b5 9. Bb3 Na5 10. Bc2 c5 11. Nbd2 Nc6 12. Nf1 Be6 13. h3 h6 14. Ng3 Re8 15. Nf5 Bxf5 16. exf5 Qd7 17. g4 Rab8 18. d4 exd4 19. cxd4 c4 20. a3 Bf8 21. Bf4 Rxe1+ 22. Qxe1 Re8 23. Qf1 Qa7 24. Be3 d5 25. Qg2 Qb6 26. Kh1 c3 27. b4 a5 28. h4 axb4 29. g5 Ne4 30. Rg1 hxg5 31. hxg5 g6 32. Qh3 Ne7 33. Bxe4 dxe4 34. Ne5 b3 35. Kg2 Nxf5 36. Nd7 1-0

[Event "RA-2015-0-00387"]
[Site "LSS email"]
[Date "2015.04.18"]
[Round "?"]
[White "Willmann, Bernd"]
[Black "Vera, Heraclio"]
[Result "1-0"]
[WhiteElo "2266"]
[BlackElo "2228"]
[PlyCount "77"]
[EventDate "2015.04.01"]
[EventType "tourn (corr)"]
[EventRounds "6"]
[EventCountry "GER"]
[SourceTitle "Corr 2022"]
[Source "ChessBase"]
[SourceDate "2021.10.24"]
[SourceVersion "1"]
[SourceVersionDate "2021.10.24"]
[SourceQuality "1"]

1. d4 Nf6 2. c4 e6 3. Nf3 d5 4. Nc3 c6 5. e3 Nbd7 6. Qc2 Be7 7. b3 0-0 8. Bd3 b6 9. 0-0 Bb7 10. Bb2 h6 11. Rad1 Qc7 12. h3 Rfd8 13. Rfe1 Rac8 14. Qe2 Bf8 15. e4 Nh5 16. Bb1 dxc4 17. e5 cxb3 18. Nh4 bxa2 19. Nxa2 g6 20. Qg4 Nhf6 21. exf6 Nxf6 22. Qe2 Nd5 23. Nc3 Bb4 24. Nxd5 cxd5 25. Rf1 Bf8 26. Nf3 Bc6 27. Ne5 Be8 28. Bd3 a5 29. Rc1 Qe7 30. Ra1 Qh4 31. Nf3 Qf6 32. Rfb1 Bb4 33. Bc1 Kg7 34. Ne5 h5 35. Qe3 Kg8 36. Ba3 Bxa3 37. Rxa3 Qe7 38. Bb5 Bxb5 39. Rxb5 1-0

[Event "RA-2015-0-00382"]
[Site "LSS email"]
[Date "2015.03.27"]
[Round "?"]
[White "Vera, Heraclio"]
[Black "Carroll, Patrick"]
[Result "1/2-1/2"]
[WhiteElo "2247"]
[BlackElo "2103"]
[PlyCount "61"]
[EventDate "2015.02.27"]
[EventType "tourn (corr)"]
[EventRounds "6"]
[EventCountry "GER"]
[SourceTitle "Corr 2022"]
[Source "ChessBase"]
[SourceDate "2021.10.24"]
[SourceVersion "1"]
[SourceVersionDate "2021.10.24"]
[SourceQuality "1"]

1. e4 c5 2. Nf3 Nc6 3. d4 cxd4 4. Nxd4 Nf6 5. Nc3 e5 6. Ndb5 d6 7. Bg5 a6 8. Na3 b5 9. Nd5 Be7 10. Bxf6 Bxf6 11. c3 Ne7 12. Nxf6+ gxf6 13. Nc2 d5 14. Qf3 f5 15. 0-0-0 fxe4 16. Qf6 Rg8 17. Qxe5 Be6 18. Kb1 Qb6 19. Nd4 Qb8 20. Qf6 Rg6 21. Qh4 Qe5 22. f3 Nf5 23. Qe1 Nxd4 24. Rxd4 Kf8 25. g4 h5 26. h3 Re8 27. Bg2 Bf5 28. Kc1 Rc6 29. Qe3 Qg3 30. Re1 Qxg2 31. gxf5 1/2-1/2

[Event "RA-2015-0-00382"]
[Site "LSS email"]
[Date "2015.03.27"]
[Round "?"]
[White "Vera, Heraclio"]
[Black "Ederer, Karel"]
[Result "1-0"]
[WhiteElo "2247"]
[BlackElo "1975"]
[PlyCount "37"]
[EventDate "2015.02.27"]
[EventType "tourn (corr)"]
[EventRounds "6"]
[EventCountry "GER"]
[SourceTitle "Corr 2022"]
[Source "ChessBase"]
[SourceDate "2021.10.24"]
[SourceVersion "1"]
[SourceVersionDate "2021.10.24"]
[SourceQuality "1"]

1. e4 e5 2. Nf3 Nc6 3. Bb5 a6 4. Ba4 Nf6 5. d3 Bc5 6. 0-0 d6 7. c3 0-0 8. Nbd2 b5 9. Bb3 Qd7 10. Re1 h6 11. Nf1 a5 12. a4 b4 13. Ng3 Re8 14. d4 Bb6 15. Bxh6 gxh6 16. Nf5 bxc3 17. bxc3 exd4 18. Qc1 Nxe4 19. Nxh6+ 1-0

[Event "SM-2015-0-00317"]
[Site "LSS email"]
[Date "2015.02.16"]
[Round "?"]
[White "Vera, Heraclio"]
[Black "Mevel, Alberic"]
[Result "0-1"]
[WhiteElo "2246"]
[BlackElo "2053"]
[PlyCount "84"]
[EventDate "2015.01.30"]
[EventType "tourn (corr)"]
[EventRounds "6"]
[EventCountry "GER"]
[SourceTitle "Corr 2022"]
[Source "ChessBase"]
[SourceDate "2021.10.24"]
[SourceVersion "1"]
[SourceVersionDate "2021.10.24"]
[SourceQuality "1"]

1. e4 c5 2. Nf3 e6 3. d4 cxd4 4. Nxd4 Nc6 5. Nc3 Qc7 6. Be3 a6 7. Qd2 Nf6 8. 0-0-0 Bb4 9. f3 0-0 10. Kb1 d5 11. a3 Ba5 12. Nb3 Bxc3 13. Qxc3 dxe4 14. Qe1 exf3 15. Rg1 f2 16. Bxf2 e5 17. Bh4 Bg4 18. Be2 Bxe2 19. Qxe2 Nd7 20. g4 Rfe8 21. Rd2 Nf8 22. Rgd1 f6 23. Qc4+ Kh8 24. Bf2 Rac8 25. Be3 e4 26. Nc5 Ne5 27. Qe2 h6 28. b3 Nf3 29. Rd6 Re7 30. h3 Rce8 31. Qf2 Qc8 32. Qg3 Kg8 33. R6d5 Qc6 34. a4 a5 35. Qd6 Qxd6 36. Rxd6 Nh4 37. R1d2 f5 38. Rf2 Re5 39. Nxb7 g5 40. gxf5 Nxf5 41. Rxf5 Rxf5 42. Rxh6 Re6 0-1

[Event "SM-2015-0-00317"]
[Site "LSS email"]
[Date "2015.02.01"]
[Round "?"]
[White "Vera, Heraclio"]
[Black "Lubas, Jozef"]
[Result "0-1"]
[WhiteElo "2246"]
[BlackElo "2165"]
[PlyCount "64"]
[EventDate "2015.01.30"]
[EventType "tourn (corr)"]
[EventRounds "6"]
[EventCountry "GER"]
[SourceTitle "Corr 2022"]
[Source "ChessBase"]
[SourceDate "2021.10.24"]
[SourceVersion "1"]
[SourceVersionDate "2021.10.24"]
[SourceQuality "1"]

1. e4 e5 2. Nf3 Nc6 3. Bb5 a6 4. Ba4 Nf6 5. d3 b5 6. Bb3 Be7 7. Nbd2 0-0 8. c3 d5 9. Qe2 Bb7 10. 0-0 d4 11. h3 Bc5 12. Rd1 Re8 13. Nf1 Na5 14. Bc2 Bf8 15. g4 c5 16. Ng3 Qc7 17. g5 Nd7 18. h4 Nb6 19. h5 Bc8 20. Nf5 g6 21. b4 cxb4 22. cxb4 gxf5 23. bxa5 fxe4 24. dxe4 Na4 25. Bxa4 bxa4 26. Ne1 Qxa5 27. Nd3 Qb5 28. f3 Be6 29. Qh2 Bc4 30. Nf2 Be2 31. Rd2 d3 32. Ng4 a3 0-1

[Event "SM-2013-0-00271"]
[Site "LSS email"]
[Date "2013.09.23"]
[Round "?"]
[White "Vera, Heraclio"]
[Black "Carroll, Patrick J"]
[Result "1/2-1/2"]
[WhiteElo "2175"]
[BlackElo "2041"]
[PlyCount "99"]
[EventDate "2013.08.25"]
[EventType "tourn (corr)"]
[EventRounds "6"]
[EventCountry "GER"]
[SourceTitle "Telechess CBM 167"]
[Source "ChessBase"]
[SourceDate "2015.07.13"]
[SourceVersion "1"]
[SourceVersionDate "2015.07.13"]
[SourceQuality "1"]

1. e4 c5 2. Nf3 d6 3. d4 cxd4 4. Nxd4 Nf6 5. Nc3 a6 6. Bg5 e6 7. f4 Qb6 8. Nb3 Be7 9. Qf3 Nbd7 10. 0-0-0 Qc7 11. Bd3 b5 12. a3 Rb8 13. Rhe1 b4 14. axb4 Rxb4 15. Kb1 Bb7 16. Qh3 e5 17. Na2 Ra4 18. Nc3 Rb4 19. g4 Nc5 20. Bxf6 Bxf6 21. g5 Be7 22. fxe5 dxe5 23. Nd5 Bxd5 24. exd5 Nxd3 25. Qxd3 Bd6 26. Nd4 0-0 27. Nc6 Rg4 28. h4 Rxh4 29. Qxa6 Rg4 30. c4 Rxg5 31. Qb5 Qd7 32. c5 Qf5+ 33. Qd3 Qxd3+ 34. Rxd3 Bxc5 35. d6 Bxd6 36. Rxd6 h5 37. b4 f5 38. Rxe5 h4 39. Rd1 h3 40. Rh1 Rh5 41. Kc2 g5 42. Ne7+ Kh7 43. Rxf5 Rxf5 44. Nxf5 Kg6 45. Ne3 Kf6 46. Ng4+ Kf5 47. Nh2 g4 48. Rf1+ Kg5 49. Rg1 Rh4 50. Kd3 1/2-1/2

[Event "SM-2013-0-00271"]
[Site "LSS email"]
[Date "2013.09.22"]
[Round "?"]
[White "Vera, Heraclio"]
[Black "Oliveira, Diogo Luiz"]
[Result "1-0"]
[WhiteElo "2175"]
[BlackElo "2094"]
[PlyCount "85"]
[EventDate "2013.08.25"]
[EventType "tourn (corr)"]
[EventRounds "6"]
[EventCountry "GER"]
[SourceTitle "Telechess CBM 167"]
[Source "ChessBase"]
[SourceDate "2015.07.13"]
[SourceVersion "1"]
[SourceVersionDate "2015.07.13"]
[SourceQuality "1"]

1. e4 c5 2. Nf3 d6 3. d4 cxd4 4. Nxd4 Nf6 5. Nc3 a6 6. Bg5 e6 7. f4 Qb6 8. Qd2 Qxb2 9. Rb1 Qa3 10. f5 Nc6 11. fxe6 fxe6 12. Nxc6 bxc6 13. Be2 Be7 14. 0-0 0-0 15. Rb3 Qc5+ 16. Be3 Qe5 17. Bf4 Qc5+ 18. Be3 Qe5 19. Bf4 Qc5+ 20. Kh1 d5 21. e5 Nd7 22. Na4 Qa7 23. Qc3 Nc5 24. Nxc5 Bxc5 25. Qh3 g6 26. a4 Qe7 27. Rbf3 a5 28. Bd3 Rb8 29. Qg3 Qg7 30. h4 Be7 31. Bg5 Rxf3 32. Rxf3 Rb1+ 33. Kh2 Bc5 34. Qf4 Rb4 35. c4 dxc4 36. Bxc4 Rxa4 37. Bf6 Qc7 38. Qg4 Ra3 39. Bxe6+ Bxe6 40. Qxe6+ Qf7 41. Qc8+ Qf8 42. Qxc6 Rxf3 43. gxf3 1-0

[Event "SM-2013-0-00270"]
[Site "LSS email"]
[Date "2013.09.18"]
[Round "?"]
[White "Steinke, Ruediger"]
[Black "Vera, Heraclio"]
[Result "1-0"]
[WhiteElo "2209"]
[BlackElo "2151"]
[PlyCount "75"]
[EventDate "2013.08.19"]
[EventType "tourn (corr)"]
[EventRounds "6"]
[EventCountry "GER"]
[SourceTitle "Corr 2015"]
[Source "ChessBase"]
[SourceDate "2015.07.17"]
[SourceVersion "1"]
[SourceVersionDate "2015.07.17"]
[SourceQuality "1"]

1. d4 Nf6 2. c4 g6 3. g3 Bg7 4. Bg2 0-0 5. Nc3 d6 6. Nf3 Nc6 7. 0-0 a6 8. d5 Na5 9. Nd2 c5 10. Qc2 Rb8 11. a4 e6 12. b3 exd5 13. cxd5 Qe7 14. Bb2 Re8 15. e4 b6 16. Nd1 h5 17. h4 Qf8 18. Rb1 Bd7 19. f3 b5 20. Bc3 b4 21. Bb2 Rbd8 22. Ne3 Bc8 23. Nec4 Nxc4 24. Nxc4 Kh7 25. Rbe1 Ng8 26. f4 Bxb2 27. Qxb2 Nh6 28. e5 Nf5 29. Kh2 dxe5 30. fxe5 Nh6 31. Kg1 Qg7 32. Qd2 Nf5 33. Qf2 Rf8 34. Qxc5 Nxg3 35. Rf6 Nf5 36. Rf1 Rfe8 37. Qb6 Rd7 38. R6xf5 1-0

[Event "SM-2013-0-00270"]
[Site "LSS email"]
[Date "2013.09.15"]
[Round "?"]
[White "Vera, Heraclio"]
[Black "Van Bommel, Ton"]
[Result "1-0"]
[WhiteElo "2151"]
[BlackElo "1940"]
[PlyCount "87"]
[EventDate "2013.08.19"]
[EventType "tourn (corr)"]
[EventRounds "6"]
[EventCountry "GER"]
[SourceTitle "Corr 2015"]
[Source "ChessBase"]
[SourceDate "2015.07.17"]
[SourceVersion "1"]
[SourceVersionDate "2015.07.17"]
[SourceQuality "1"]

1. e4 c5 2. Nf3 d6 3. g3 e5 4. Bg2 Nf6 5. d3 Be7 6. 0-0 h6 7. c3 0-0 8. Nbd2 Nc6 9. a4 Be6 10. Qe2 Qc7 11. Nc4 a6 12. Nfd2 b5 13. Ne3 Qb7 14. Nd5 Rfc8 15. f4 Na5 16. Qf3 Bd8 17. Kh1 c4 18. axb5 axb5 19. Nxf6+ Bxf6 20. d4 Qc7 21. Qh5 exd4 22. e5 dxe5 23. Ne4 Qd8 24. Nxf6+ Qxf6 25. fxe5 Qd8 26. Bxh6 dxc3 27. Rad1 Qf8 28. Bg5 Rc6 29. bxc3 Rc5 30. Be4 g6 31. Qh4 Rxe5 32. Bxg6 fxg6 33. Rxf8+ Rxf8 34. Qh6 Rxg5 35. Qxg5 Bf7 36. Qxb5 Nb3 37. Qg5 Rc8 38. h4 Nc5 39. Rd8+ Rxd8 40. Qxd8+ Kh7 41. Qc7 Kg7 42. Qxc5 Kf6 43. Qf8 Ke6 44. g4 1-0

[Event "SM-2013-0-00269"]
[Site "LSS email"]
[Date "2013.09.05"]
[Round "?"]
[White "Kopasov, Evgeny Aleksandrovi"]
[Black "Vera, Heraclio"]
[Result "1/2-1/2"]
[WhiteElo "2133"]
[BlackElo "2172"]
[PlyCount "95"]
[EventDate "2013.08.12"]
[EventType "tourn (corr)"]
[EventRounds "6"]
[EventCountry "GER"]
[SourceTitle "Telechess CBM 167"]
[Source "ChessBase"]
[SourceDate "2015.07.13"]
[SourceVersion "1"]
[SourceVersionDate "2015.07.13"]
[SourceQuality "1"]

1. d4 Nf6 2. c4 g6 3. Nc3 Bg7 4. e4 d6 5. Nf3 0-0 6. Be2 e5 7. 0-0 Nc6 8. d5 Ne7 9. Bg5 h6 10. Bxf6 Bxf6 11. b4 Bg7 12. c5 f5 13. Nd2 fxe4 14. Ndxe4 Nf5 15. Bg4 a6 16. Qd3 Bd7 17. a4 h5 18. Bh3 Qe7 19. Qc4 b6 20. Rfb1 Kh8 21. Rb2 Be8 22. Re1 Nd4 23. Qd3 Bf7 24. cxd6 cxd6 25. Rbb1 Bg8 26. Rbd1 Bh6 27. Ne2 Nf5 28. Ra1 h4 29. Ra3 Bf7 30. b5 axb5 31. Qxb5 Rfb8 32. Qd3 Ra5 33. N4c3 e4 34. Qc4 Rc5 35. Qxe4 Qxe4 36. Nxe4 Rxd5 37. Raa1 Rd8 38. N4c3 Re5 39. g4 hxg3 40. hxg3 Rde8 41. Bg4 d5 42. Nb5 Re4 43. Bxf5 Rxe2 44. Rxe2 Rxe2 45. Nd6 Bg8 46. Bxg6 Bf8 47. Bh5 Rc2 48. Nf7+ 1/2-1/2

[Event "SM-2013-0-00264"]
[Site "LSS email"]
[Date "2013.08.08"]
[Round "?"]
[White "Narkun, Michal"]
[Black "Vera, Heraclio"]
[Result "1/2-1/2"]
[WhiteElo "2289"]
[BlackElo "2175"]
[PlyCount "77"]
[EventDate "2013.06.29"]
[EventType "tourn (corr)"]
[EventRounds "6"]
[EventCountry "GER"]
[SourceTitle "Telechess CBM 167"]
[Source "ChessBase"]
[SourceDate "2015.07.13"]
[SourceVersion "1"]
[SourceVersionDate "2015.07.13"]
[SourceQuality "1"]

1. Nf3 g6 2. e4 Bg7 3. d4 d6 4. c4 Nf6 5. Nc3 0-0 6. Be2 e5 7. d5 a5 8. 0-0 Na6 9. Bg5 h6 10. Bh4 Qe8 11. Nd2 Nh7 12. f3 f5 13. a3 Bf6 14. Bf2 Bd7 15. b3 Qe7 16. b4 Bh4 17. c5 Bxf2+ 18. Rxf2 axb4 19. cxd6 cxd6 20. axb4 Ng5 21. Qf1 Nc7 22. Rxa8 Rxa8 23. Bd3 Rf8 24. b5 h5 25. b6 Ne8 26. Qe1 Ng7 27. Nc4 h4 28. exf5 Nxf5 29. Qc1 Ra8 30. Ne4 Nf7 31. Qb2 h3 32. f4 hxg2 33. fxe5 dxe5 34. Rxg2 Nh4 35. Rg3 Bf5 36. Ne3 Nd6 37. Nxf5 Ndxf5 38. Rh3 Nd4 39. Qf2 1/2-1/2

[Event "SM-2013-0-00262"]
[Site "LSS email"]
[Date "2013.07.31"]
[Round "?"]
[White "Panov, Serg"]
[Black "Vera, Heraclio"]
[Result "1/2-1/2"]
[WhiteElo "2316"]
[BlackElo "2225"]
[PlyCount "68"]
[EventDate "2013.06.18"]
[EventType "tourn (corr)"]
[EventRounds "6"]
[EventCountry "GER"]
[SourceTitle "Corr 2022"]
[Source "ChessBase"]
[SourceDate "2021.10.24"]
[SourceVersion "1"]
[SourceVersionDate "2021.10.24"]
[SourceQuality "1"]

1. d4 Nf6 2. c4 g6 3. Nc3 Bg7 4. e4 d6 5. Bd3 0-0 6. Nge2 e5 7. d5 c5 8. 0-0 Nh5 9. Be3 f5 10. exf5 gxf5 11. Ng3 Nxg3 12. hxg3 e4 13. Be2 Nd7 14. Qd2 Ne5 15. Rab1 b6 16. Rfc1 Qe7 17. b4 Ba6 18. Bf4 Rab8 19. a4 h5 20. Nb5 Bxb5 21. axb5 Rbc8 22. Bxh5 Nd3 23. bxc5 Rxc5 24. Bg5 Qc7 25. Rc2 Bd4 26. Be3 Bxe3 27. Qxe3 Qh7 28. Be2 f4 29. gxf4 Nxf4 30. Qg3+ Kh8 31. Bg4 Rf6 32. Qc3 Qg7 33. Re1 Nxd5 34. Qb2 Rg6 1/2-1/2

[Event "SM-2013-0-00244"]
[Site "LSS email"]
[Date "2013.03.08"]
[Round "?"]
[White "Vera, Heraclio"]
[Black "Depasse, Jean Marc"]
[Result "1/2-1/2"]
[WhiteElo "2172"]
[BlackElo "2253"]
[PlyCount "86"]
[EventDate "2013.02.15"]
[EventType "tourn (corr)"]
[EventRounds "6"]
[EventCountry "GER"]
[SourceTitle "Telechess CBM 167"]
[Source "ChessBase"]
[SourceDate "2015.07.13"]
[SourceVersion "1"]
[SourceVersionDate "2015.07.13"]
[SourceQuality "1"]

1. e4 e6 2. d4 d5 3. Nc3 Nf6 4. e5 Nfd7 5. f4 c5 6. Nf3 Nc6 7. Be3 Be7 8. Qd2 a6 9. Be2 0-0 10. 0-0 b5 11. Nd1 b4 12. Nf2 Bb7 13. c3 bxc3 14. bxc3 cxd4 15. cxd4 Nb6 16. Bd3 Nc4 17. Qe2 Rb8 18. a3 N6a5 19. Rfb1 Nxe3 20. Qxe3 Nc4 21. Qe2 a5 22. a4 g6 23. g4 Qd7 24. f5 Rfc8 25. fxg6 fxg6 26. g5 Qd8 27. h4 Qf8 28. Ng4 Qf4 29. Nf6+ Kh8 30. h5 Bxf6 31. exf6 gxh5 32. Kh1 Ba6 33. Rxb8 Rxb8 34. Rf1 Ne3 35. Bxa6 Nxf1 36. Qxf1 h6 37. Bd3 hxg5 38. Qh3 h4 39. Ne5 Qc1+ 40. Bf1 Rb1 41. Kg1 Qd2 42. Ng6+ Kh7 43. f7 Qxd4+ 1/2-1/2

[Event "SA-2012-0-00318"]
[Site "LSS email"]
[Date "2012.12.09"]
[Round "?"]
[White "Mondino, Victor Nilo"]
[Black "Vera, Heraclio"]
[Result "1/2-1/2"]
[WhiteElo "2142"]
[BlackElo "2148"]
[PlyCount "97"]
[EventDate "2012.11.21"]
[EventType "tourn (corr)"]
[EventRounds "6"]
[EventCountry "GER"]
[SourceTitle "Telechess CBM 163"]
[Source "ChessBase"]
[SourceDate "2014.11.11"]
[SourceVersion "2"]
[SourceVersionDate "2014.11.11"]
[SourceQuality "1"]

1. d4 Nf6 2. Nf3 g6 3. g3 Bg7 4. Bg2 0-0 5. c4 d6 6. 0-0 Nbd7 7. Nc3 e5 8. e4 c6 9. h3 Re8 10. Re1 exd4 11. Nxd4 Nc5 12. Bf4 Nh5 13. Be3 a5 14. Qc2 Nf6 15. Nb3 Nfd7 16. Rad1 Qc7 17. Re2 Na6 18. Na4 Nb4 19. Qd2 Nxa2 20. Qxd6 Qxd6 21. Rxd6 Bf8 22. Rd1 b5 23. cxb5 cxb5 24. Nbc5 Nxc5 25. Nxc5 Bxc5 26. Bxc5 Be6 27. f4 Rac8 28. Bd6 Nc1 29. Rf2 Bb3 30. Rdf1 Nd3 31. Rd2 Nc5 32. e5 Bc4 33. Rfd1 a4 34. g4 Nb3 35. Rf2 Nc5 36. Kh2 Nd3 37. Rf3 g5 38. Rfxd3 Bxd3 39. Rxd3 Rc2 40. fxg5 Rxb2 41. Kg3 Rb3 42. Rxb3 axb3 43. Be4 b2 44. Bf5 Rc8 45. e6 Rc3+ 46. Kf4 fxe6 47. Bxe6+ Kg7 48. Be5+ Kf8 49. Bf5 1/2-1/2

[Event "SA-2012-0-00318"]
[Site "LSS email"]
[Date "2012.12.09"]
[Round "?"]
[White "Silva Filho, Alcindo Luz Bastos"]
[Black "Vera, Heraclio"]
[Result "1/2-1/2"]
[WhiteElo "2032"]
[BlackElo "2148"]
[PlyCount "121"]
[EventDate "2012.11.21"]
[EventType "tourn (corr)"]
[EventRounds "6"]
[EventCountry "GER"]
[SourceTitle "Telechess CBM 163"]
[Source "ChessBase"]
[SourceDate "2014.11.11"]
[SourceVersion "2"]
[SourceVersionDate "2014.11.11"]
[SourceQuality "1"]

1. e4 c5 2. Nf3 d6 3. d4 cxd4 4. Nxd4 Nf6 5. Nc3 a6 6. f3 e5 7. Nb3 Be6 8. Be3 Be7 9. Qd2 0-0 10. 0-0-0 Nbd7 11. g4 b5 12. Kb1 b4 13. Ne2 Nb6 14. Ng3 a5 15. Nf5 Bxf5 16. gxf5 a4 17. Nc1 Qc7 18. Rg1 Rfc8 19. Bh6 Bf8 20. Rg2 a3 21. b3 d5 22. Bd3 Qc3 23. Qxc3 Rxc3 24. Bxg7 Bxg7 25. Rdg1 Ne8 26. f6 Nxf6 27. Rxg7+ Kf8 28. R7g5 Re8 29. Re1 Rc5 30. Rf5 Nbd7 31. Bf1 Rec8 32. Re2 R5c6 33. Nd3 Rd6 34. Re1 dxe4 35. fxe4 Rd4 36. Nf2 Ke7 37. Kc1 Kd6 38. Bc4 Rcxc4 39. bxc4 Ke6 40. Rf3 Rxc4 41. Rfe3 Nb6 42. c3 Na4 43. Kc2 Nxc3 44. Kb3 Rd4 45. Rd3 Nb5 46. Red1 Nxe4 47. Rxd4 Nxd4+ 48. Rxd4 Nc5+ 49. Kxb4 Na6+ 50. Ka5 exd4 51. Kxa6 Kf5 52. Kb5 Kf4 53. Kc4 Kf3 54. Nd3 Ke4 55. Nb4 f5 56. Nc6 d3 57. Kc3 Ke3 58. Ne5 f4 59. Nxd3 f3 60. Ne5 f2 61. Nc4+ 1/2-1/2

[Event "SA-2012-0-00318"]
[Site "LSS email"]
[Date "2012.12.09"]
[Round "?"]
[White "Vera, Heraclio"]
[Black "Kudr, Roman"]
[Result "0-1"]
[WhiteElo "2148"]
[BlackElo "2095"]
[PlyCount "94"]
[EventDate "2012.11.21"]
[EventType "tourn (corr)"]
[EventRounds "6"]
[EventCountry "GER"]
[SourceTitle "Telechess CBM 163"]
[Source "ChessBase"]
[SourceDate "2014.11.11"]
[SourceVersion "2"]
[SourceVersionDate "2014.11.11"]
[SourceQuality "1"]

1. e4 c6 2. d4 d5 3. e5 c5 4. Nf3 Bg4 5. dxc5 Nc6 6. Bb5 Qa5+ 7. Nc3 e6 8. Be3 Nge7 9. a3 0-0-0 10. b4 Bxf3 11. gxf3 Qc7 12. Bxc6 Nxc6 13. Bf4 a6 14. Bg3 g5 15. h4 gxh4 16. Rxh4 h5 17. Qd3 Ne7 18. Bh2 Nf5 19. Rh3 h4 20. Ne2 Qd7 21. Bf4 Be7 22. Kf1 Qa4 23. Nc3 Qe8 24. Ne2 Kc7 25. a4 Qc6 26. c3 a5 27. Be3 Ra8 28. Qc2 b5 29. cxb6+ Kb7 30. b5 Qc4 31. Qa2 Nxe3+ 32. fxe3 Qd3 33. Kf2 Qf5 34. Rah1 Qxe5 35. Qd2 Rhc8 36. Qd4 Qg5 37. Rg1 Qh5 38. Rg7 Rc4 39. Qd3 Rf8 40. Nd4 Rxa4 41. Nxe6 fxe6 42. Rxe7+ Kb8 43. Rg7 Ra2+ 44. Kg1 a4 45. Rg4 Qe5 46. Kf1 Qd6 47. Rb4 Rc8 0-1

[Event "SA-2012-0-00318"]
[Site "LSS email"]
[Date "2012.12.09"]
[Round "?"]
[White "Vera, Heraclio"]
[Black "Meissner, Ruediger"]
[Result "1-0"]
[WhiteElo "2148"]
[BlackElo "2063"]
[PlyCount "111"]
[EventDate "2012.11.21"]
[EventType "tourn (corr)"]
[EventRounds "6"]
[EventCountry "GER"]
[SourceTitle "Telechess CBM 163"]
[Source "ChessBase"]
[SourceDate "2014.11.11"]
[SourceVersion "2"]
[SourceVersionDate "2014.11.11"]
[SourceQuality "1"]

1. e4 c5 2. c3 Nf6 3. e5 Nd5 4. d4 cxd4 5. Nf3 Nc6 6. cxd4 d6 7. Bc4 Nb6 8. Bb5 dxe5 9. Nxe5 Bd7 10. Nxd7 Qxd7 11. Nc3 e6 12. 0-0 Be7 13. Qg4 0-0 14. Bxc6 bxc6 15. Bh6 Bf6 16. Rfd1 Qe7 17. Rd3 Kh8 18. Be3 Nd5 19. Ne4 Rfb8 20. b3 Rb6 21. Bd2 Kg8 22. Rc1 g6 23. Nxf6+ Nxf6 24. Qh4 Nd5 25. Bg5 f6 26. Bd2 Re8 27. Qg4 f5 28. Qd1 Qf6 29. a3 Qf8 30. b4 f4 31. Qe2 Qf6 32. Re1 Rb7 33. Qg4 Kg7 34. h3 Rf7 35. Re4 Qf5 36. Qe2 h6 37. Re5 Qf6 38. Rb3 Rd7 39. Rb1 Rd6 40. Re1 Qf7 41. Bc1 Kg8 42. a4 Kg7 43. Ba3 Rd7 44. Qe4 g5 45. b5 cxb5 46. axb5 f3 47. g3 Nc3 48. Qe3 Nd5 49. Qd3 Rb7 50. Bc5 Rc7 51. Ra1 Qh5 52. Qf1 Qf7 53. Ra6 Rb7 54. Qd3 Rd7 55. Kh2 Rb7 56. Qe4 1-0